| 000 | 00818nam a22002417a 4500 | ||
|---|---|---|---|
| 005 | 20170124110033.0 | ||
| 010 | _a906809 | ||
| 020 | _c99.00 | ||
| 035 | _a906809 | ||
| 037 | _bCen Lib/Ret | ||
| 040 |
_adpl _bEN |
||
| 082 |
_a336.54 _bSUN |
||
| 100 |
_aSundharam, K.P.M. _96786 |
||
| 245 |
_aIndian public finance and financial administration : _cby K.P.M.Sundharam [and] E.N.Sundharam _bfor the courses prescribed by the Indian institute of bankers,Bombay / |
||
| 250 | _a7th ed. | ||
| 260 |
_bSultan Chand & Sons _c1978 _aNew Delhi |
||
| 270 |
_a4792/23, Daryaganj _bNew Delhi _e110002 |
||
| 300 |
_aviii, 180p. : _c20cm(Hb) _bill. |
||
| 650 |
_aPublic finance. _912243 |
||
| 650 |
_aFinancial administration. _922053 |
||
| 700 |
_aSundharam, E.N. _911110 |
||
| 942 |
_2ddc _cEN _h336.54 _mSUN |
||
| 999 |
_c127969 _d127969 |
||